10 größten Länder Amerikas nach Fläche - Kartenquiz. - Statistiken

Allgemein
  • Dieses Quiz wurde 291 mal gespielt
  • Das Durchschnittsergebnis liegt bei 9 aus 10
Antworten auf der Karte
Die Antworten werden auf der Karte rot bzw. grün angezeigt, abhängig davon wie oft sie richtig erraten wurden.
 
Antwortstatistiken
Antwort % Korrekt
Vereinigte Staaten
96%
Brasilien
95%
Mexiko
95%
Argentinien
94%
Kanada
94%
Chile
93%
Peru
91%
Bolivien
88%
Venezuela
87%
Kolumbien
80%
Keine übereinstimmenden Quizze gefunden
Verteilung der Resultate
Anzahl Personen mit jedem Resultat
Perzentil nach korrekt beantworteten Fragen
Ihre Resultats-Entwicklung
Sie haben dieses Quiz noch nicht gespielt